[Event "1st ch-CHN Rapid w Prelim"]
[Site "Hefei CHN"]
[Date "2011.07.04"]
[Round "4.6"]
[White "Yu, Moqi"]
[Black "Wang, Yu A."]
[Result "1/2-1/2"]
[BlackTitle "IM"]
[WhiteElo "2106"]
[BlackElo "2399"]
[WhiteFideId "8604533"]
[BlackFideId "8601097"]
[EventDate "2011.07.03"]

1. e4 e5 2. Nf3 Nc6 3. Bb5 a6 4. Ba4 Nf6 5. O-O Be7 6. Re1 b5 7. Bb3 O-O 8. c3
d6 9. d4 exd4 10. cxd4 Bg4 11. Be3 Na5 12. Bc2 Nc4 13. Bc1 c5 14. d5 Nd7 15. h3
Bxf3 16. Qxf3 Bg5 17. Bxg5 Qxg5 18. b3 Nce5 19. Qe2 Ng6 20. Qg4 Qe5 21. Nd2 Nf6
22. Qd1 Rfe8 23. g3 h6 24. Kg2 Qe7 25. f4 Nd7 26. Nf3 Qf6 27. Qd2 Rac8 28. a4 c4
29. axb5 cxb3 30. Bxb3 Nc5 31. Bc2 axb5 32. Nd4 Re7 33. Nc6 Ree8 34. Rab1 h5 35.
Rxb5 Ne7 36. e5 Qh6 37. Nxe7+ Rxe7 38. Rb6 Rce8 39. Bb1 Nd7 40. Rc6 Nxe5 41. Ra6
h4 42. Qc2 Ng6 43. Rxe7 Nxe7 44. Qa4 Kf8 45. Qd7 Qf6 46. Rb6 Nxd5 47. Qxd6+ Qxd6
48. Rxd6 Ne3+ 49. Kf3 1/2-1/2

[Event "1st ch-CHN Rapid w Prelim"]
[Site "Hefei CHN"]
[Date "2011.07.04"]
[Round "5.2"]
[White "Ju, Wenjun"]
[Black "Lei, Tingjie"]
[Result "1-0"]
[WhiteTitle "WGM"]
[WhiteElo "2515"]
[BlackElo "2061"]
[WhiteFideId "8603006"]
[BlackFideId "8605114"]
[EventDate "2011.07.03"]

1. Nf3 Nf6 2. g3 g6 3. Bg2 Bg7 4. c4 c6 5. d4 O-O 6. O-O d5 7. b3 Bf5 8. Bb2 Ne4
9. e3 Nd7 10. Nc3 Qa5 11. Qc1 Rac8 12. Nh4 e6 13. Nxe4 dxe4 14. Nxf5 exf5 15.
Rd1 Rfd8 16. Bc3 Qc7 17. Qb2 a5 18. Rac1 Ra8 19. a4 c5 20. Rb1 Ra6 21. Rd2 Rd6
22. Rbd1 cxd4 23. exd4 Bh6 24. Rc2 Ne5 25. d5 Nd3 26. Qa1 Qb6 27. Rb1 e3 28. Bd4
exf2+ 29. Rxf2 Nc5 30. Re2 Rc8 31. Rbe1 Rdd8 32. Qc3 Bf8 33. Re3 Qc7 34. Bf6 Rd7
35. Kh1 b6 36. Re8 Ne4 37. Rxc8 Qxc8 38. Bxe4 fxe4 39. Rxe4 h6 40. Qe3 Rb7 41.
Kg2 Qf5 42. Qf4 Qd7 43. Qe5 Kh7 44. h3 g5 45. Re2 Kg8 46. Qe8 Qd6 47. Be5 Qg6
48. Bb2 Qd6 49. Qe5 Qxe5 50. Bxe5 Rd7 51. Bd4 Bc5 52. Re8+ Kh7 53. Bxc5 bxc5 54.
Rc8 Rb7 55. Rxc5 Rxb3 56. d6 1-0

[Event "1st ch-CHN Rapid w Prelim"]
[Site "Hefei CHN"]
[Date "2011.07.04"]
[Round "5.3"]
[White "Shen, Yang"]
[Black "Zhai, Mo"]
[Result "0-1"]
[WhiteTitle "WGM"]
[BlackTitle "WFM"]
[WhiteElo "2459"]
[BlackElo "2198"]
[WhiteFideId "8603162"]
[BlackFideId "8600201"]
[EventDate "2011.07.03"]

1. d4 Nf6 2. c4 e6 3. g3 d5 4. Bg2 Bb4+ 5. Bd2 Be7 6. Qc2 O-O 7. Nf3 c6 8. O-O
b6 9. Rd1 Nbd7 10. a4 a5 11. Nc3 Ba6 12. b3 Rc8 13. Qa2 Bb4 14. Rac1 h6 15. Ne1
Qe7 16. Nd3 Rfe8 17. e3 dxc4 18. bxc4 e5 19. Nxb4 axb4 20. Nb5 e4 21. Bh3 cxb5
22. axb5 Bb7 23. Qb3 Red8 24. Bxb4 Qe8 25. Bd6 Nh7 26. c5 Ng5 27. Bg4 Nf6 28.
Bxc8 Bxc8 29. Kf1 Bh3+ 30. Ke2 Nf3 31. Rh1 Bg4 32. Kf1 Qd7 33. Qb2 Bh3+ 34. Ke2
Qg4 35. Kd1 Nxd4+ 36. Ke1 Nf3+ 37. Kd1 bxc5 38. Rxc5 Rxd6+ 39. Kc1 Rd2 40. Qb3
Rd3 41. Qa4 Nd2 42. Rc2 Nb3+ 43. Kb2 Qe6 44. Qa8+ Kh7 45. Qb8 Nd7 46. Qc7 Qf6+
47. Rc3 Ndc5 48. Rc1 Nxc1 49. Qxc5 Ne2 0-1

[Event "1st ch-CHN Rapid w Prelim"]
[Site "Hefei CHN"]
[Date "2011.07.04"]
[Round "5.4"]
[White "Guo, Qi"]
[Black "Ding, Yixin"]
[Result "1-0"]
[WhiteTitle "WGM"]
[BlackTitle "WGM"]
[WhiteElo "2368"]
[BlackElo "2330"]
[WhiteFideId "8604002"]
[BlackFideId "8602972"]
[EventDate "2011.07.03"]

1. d4 Nf6 2. c4 e6 3. Nc3 d5 4. cxd5 exd5 5. Bg5 Be7 6. e3 Bf5 7. Qb3 c6 8. Qxb7
Nbd7 9. Bxf6 Nxf6 10. Qxc6+ Bd7 11. Qa6 O-O 12. Bb5 Bc8 13. Qa4 a6 14. Bd3 Rb8
15. Rb1 Qc7 16. Nge2 Rb6 17. h3 Rd8 18. Qc2 Bd6 19. O-O Qe7 20. Bf5 Bb7 21. Rfc1
Bb8 22. Nf4 g6 23. Bd3 g5 24. Nfe2 Qd6 25. Ng3 h5 26. Bf5 g4 27. Na4 Rc6 28. Qe2
Rc4 29. Nc5 Bc6 30. b3 Rxc1+ 31. Rxc1 h4 32. Nf1 Bb5 33. Nd3 gxh3 34. Bxh3 a5
35. Bf5 Kf8 36. Qc2 Kg7 37. Nf4 Qa6 38. Nd2 Re8 39. Nh3 Be2 40. Qc6 Qa7 41. Nf3
Re7 42. Qc5 Rc7 43. Qa3 Bxf3 44. gxf3 Nh5 45. Kh1 Rxc1+ 46. Qxc1 Qa6 47. Qd1 Kf6
48. Bd3 Qe6 49. Qe1 Qd6 50. Qg1 Ke7 51. Qg5+ f6 52. Qg2 Qa3 53. f4 Qc1+ 54. Ng1
Kd6 55. Qg6 Qd2 56. Be2 Nxf4 57. Qxf6+ Ne6 58. Qe5+ Ke7 59. Qxb8 Qxa2 60. Qb7+
Kd6 61. Qb6+ Ke7 62. Qb5 Nc7 63. Qc5+ Kd8 64. Bg4 Ne8 65. Qxd5+ Ke7 66. Qe6+ Kf8
67. Bh5 1-0

[Event "1st ch-CHN Rapid w Prelim"]
[Site "Hefei CHN"]
[Date "2011.07.04"]
[Round "5.5"]
[White "Li, Zhuoling"]
[Black "Gu, Xiaobing"]
[Result "0-1"]
[WhiteTitle "WFM"]
[BlackTitle "WGM"]
[WhiteElo "1907"]
[BlackElo "2341"]
[WhiteFideId "8605629"]
[BlackFideId "8602611"]
[EventDate "2011.07.03"]

1. e4 c5 2. Nf3 d6 3. d4 cxd4 4. Nxd4 Nf6 5. Nc3 a6 6. Be2 e5 7. Nb3 Be7 8. Be3
Be6 9. O-O O-O 10. Qd2 Nbd7 11. a4 Rc8 12. a5 Qc7 13. Rfd1 h6 14. Qe1 Nh7 15.
Rd2 Qd8 16. Nd5 Bxd5 17. exd5 Bg5 18. c4 f5 19. Bxg5 Qxg5 20. Rc2 Nhf6 21. Rac1
Ne4 22. Nd2 Nxd2 23. Qxd2 f4 24. f3 e4 25. fxe4 Nc5 26. Rf1 Nxe4 27. Qd4 Rce8
28. Bf3 Qg6 29. Re2 Ng5 30. Rxe8 Rxe8 31. Qd1 Re3 32. Kh1 Nxf3 33. gxf3 Qh5 34.
Rf2 Qe5 35. Rf1 Re2 36. b3 Qb2 0-1

[Event "1st ch-CHN Rapid w Prelim"]
[Site "Hefei CHN"]
[Date "2011.07.04"]
[Round "6.1"]
[White "Zhao, Xue"]
[Black "Guo, Qi"]
[Result "1/2-1/2"]
[WhiteTitle "GM"]
[BlackTitle "WGM"]
[WhiteElo "2470"]
[BlackElo "2368"]
[WhiteFideId "8601283"]
[BlackFideId "8604002"]
[EventDate "2011.07.03"]

1. d4 d5 2. c4 e6 3. Nc3 Be7 4. Bf4 Nf6 5. cxd5 exd5 6. e3 c6 7. Bd3 Nbd7 8. h3
Nf8 9. Nf3 Ne6 10. Bh2 O-O 11. O-O g6 12. Rb1 Ng7 13. b4 a6 14. a4 Bd6 15. Ne5
Re8 16. Qc2 Bf5 17. Rfc1 Qe7 18. Bxf5 Nxf5 19. Qb3 Nd7 20. Nxd7 Qxd7 21. b5
Bxh2+ 22. Kxh2 axb5 23. axb5 Nh4 24. Qc2 Qd6+ 25. Kg1 Qf6 26. Qd1 h5 27. bxc6
bxc6 28. Rb6 Qg5 29. Qf1 Re6 30. Kh1 Rf6 31. Rcb1 Kg7 32. Qg1 Ra3 33. R6b3 Ra5
34. R3b2 Ra3 35. Rb3 Ra5 36. R3b2 Ra3 37. Rc2 Re6 38. Rbc1 Ra6 39. Ne2 Rb6 40.
Qh2 Rf6 41. Qg3 Qxg3 42. Nxg3 Nf5 43. Nxf5+ Rxf5 44. h4 Rf6 45. Kh2 Kf8 46. Kg3
Ke7 47. Ra2 Rb7 48. Rcc2 Kd7 49. Rcb2 Kc7 50. Rxb7+ Kxb7 51. Ra3 Re6 52. Kf3 Re8
53. Ra2 f6 54. Ke2 Kb6 55. Kd3 g5 56. hxg5 fxg5 57. Ke2 c5 58. dxc5+ Kxc5 59.
Ra7 Re5 60. Kd3 Rf5 61. f3 h4 62. Rh7 Rf8 63. Rg7 Rf5 64. Rh7 Rf8 65. Rg7 Rf5
66. Rc7+ Kd6 67. Rh7 Ke5 68. Rh6 Rf8 69. Rg6 Kf5 70. Rd6 Ke5 71. Rg6 Kf5 72. Rd6
Ke5 73. Rg6 Kf5 1/2-1/2

[Event "1st ch-CHN Rapid w Prelim"]
[Site "Hefei CHN"]
[Date "2011.07.04"]
[Round "6.2"]
[White "Zhai, Mo"]
[Black "Ju, Wenjun"]
[Result "0-1"]
[WhiteTitle "WFM"]
[BlackTitle "WGM"]
[WhiteElo "2198"]
[BlackElo "2515"]
[WhiteFideId "8600201"]
[BlackFideId "8603006"]
[EventDate "2011.07.03"]

1. e4 c5 2. Nf3 d6 3. d4 cxd4 4. Nxd4 Nf6 5. Nc3 a6 6. Bc4 e6 7. Bb3 b5 8. O-O
Be7 9. Qf3 Qc7 10. Qg3 O-O 11. Bh6 Ne8 12. Rfe1 Kh8 13. Bg5 Bxg5 14. Qxg5 Nf6
15. Rad1 b4 16. Na4 Bd7 17. a3 bxa3 18. bxa3 Nc6 19. Qg3 Rfd8 20. Nf3 Be8 21. h3
h6 22. Qf4 Ne5 23. Nb2 a5 24. a4 Bc6 25. Nd4 Ng6 26. Qf3 Bb7 27. Nb5 Qc6 28. Nd4
Qc5 29. Nb5 Ne5 30. Qf4 Ba6 31. Qe3 Qc6 32. f4 Ng6 33. Nc4 Bxb5 34. axb5 Qxb5
35. Nxd6 Rxd6 36. Rxd6 a4 37. Ba2 Qb2 38. Bc4 Qxc2 39. Bd3 Qc7 40. e5 Nd5 41.
Qd4 Ndxf4 42. Be4 Qa5 43. Qd2 Qxd2 44. Rxd2 Rb8 45. Ra1 Rb4 46. Bxg6 Nxg6 47.
Rda2 Nxe5 48. Rxa4 Rxa4 49. Rxa4 g5 50. Kf2 Kg7 51. Ke3 Ng6 52. Kf3 Nh4+ 53. Kf2
Nf5 54. Kf3 Nh4+ 55. Kf2 Nf5 56. Kf3 Kg6 57. Ra5 Ne7 58. Rb5 Nd5 59. Rb8 Ne7 60.
Ra8 Nc6 61. Rc8 Nd4+ 62. Ke4 Nf5 63. Kf3 Kg7 64. Ra8 Ne7 65. Rb8 Ng6 66. Ra8 h5
67. Ra5 f5 68. Ra7+ Kf6 69. Ke3 Nf4 70. Kf3 Nd5 71. Rb7 g4+ 72. hxg4 hxg4+ 73.
Kf2 Ke5 74. Ra7 f4 75. Ra5 Ke4 76. Ra4+ Kf5 77. Ra5 Kf6 78. Rc5 Ke5 79. Ra5 Ke4
80. Ra4+ Kf5 81. Ra5 Kf6 82. Rc5 Ne7 83. Ra5 e5 84. Ra4 Kf5 85. Ra5 Nc6 86. Rc5
Nd4 87. Ra5 g3+ 88. Kf1 Nc2 89. Rb5 Ne3+ 90. Kg1 Ke4 91. Ra5 Nc4 92. Ra8 Ke3 93.
Kf1 e4 94. Re8 Nd2+ 95. Kg1 Kd3 96. Rd8+ Ke2 97. Re8 Ke3 98. Re7 Nc4 99. Kf1
Nd2+ 100. Kg1 Ke2 101. Re8 e3 102. Re7 Kd1 103. Ra7 e2 104. Ra1+ Kc2 105. Re1 f3 0-1

[Event "1st ch-CHN Rapid w Prelim"]
[Site "Hefei CHN"]
[Date "2011.07.04"]
[Round "6.3"]
[White "Yu, Moqi"]
[Black "Tan, Zhongyi"]
[Result "0-1"]
[BlackTitle "WGM"]
[WhiteElo "2106"]
[BlackElo "2396"]
[WhiteFideId "8604533"]
[BlackFideId "8603642"]
[EventDate "2011.07.03"]

1. e4 d6 2. d4 Nf6 3. Nc3 g6 4. Bg5 Bg7 5. f4 c6 6. Nf3 O-O 7. Bd3 b5 8. a3 a6
9. Qe2 Bg4 10. e5 dxe5 11. dxe5 Nd5 12. Nxd5 cxd5 13. O-O Nc6 14. Qf2 Bxf3 15.
Qxf3 Qb6+ 16. Kh1 e6 17. Qg4 Qd4 18. b3 Nxe5 19. Qe2 Nxd3 20. cxd3 Rfc8 21. Rad1
Rc3 22. Be7 Rxb3 23. Bd6 Rb2 24. Qf3 Rc8 25. Be5 Bxe5 26. fxe5 Rf8 27. Qf6 Qg4
28. Rg1 Rxg2 0-1

[Event "1st ch-CHN Rapid w Prelim"]
[Site "Hefei CHN"]
[Date "2011.07.04"]
[Round "6.4"]
[White "Lei, Tingjie"]
[Black "Gu, Xiaobing"]
[Result "1-0"]
[BlackTitle "WGM"]
[WhiteElo "2061"]
[BlackElo "2341"]
[WhiteFideId "8605114"]
[BlackFideId "8602611"]
[EventDate "2011.07.03"]

1. d4 Nf6 2. Nf3 g6 3. g3 Bg7 4. Bg2 d6 5. O-O O-O 6. c4 Nc6 7. Nc3 a6 8. e4 e5
9. dxe5 dxe5 10. Qxd8 Rxd8 11. Bg5 Re8 12. Nd5 Nxd5 13. cxd5 Nd4 14. Nxd4 exd4
15. Rac1 d3 16. Rxc7 Bxb2 17. Rd1 f6 18. Bf4 f5 19. f3 fxe4 20. fxe4 Bd4+ 21.
Kh1 Bb6 22. Rcc1 Bd7 23. Rxd3 Rac8 24. Rb3 Rxc1+ 25. Bxc1 Bc5 26. Rxb7 Bf5 27.
Rc7 Bd6 28. Rc4 h5 29. Bf4 Ba3 30. h3 Bd7 31. Rc7 Bb5 32. h4 Bb2 33. d6 Bf6 34.
d7 Rd8 35. e5 Be7 36. e6 Bd3 37. Bh3 Be4+ 38. Kh2 Bd5 39. Rc8 Rf8 40. Bh6 Rd8
41. Bg5 Kf8 42. Rxd8+ 1-0

[Event "1st ch-CHN Rapid w Prelim"]
[Site "Hefei CHN"]
[Date "2011.07.04"]
[Round "6.5"]
[White "Ding, Yixin"]
[Black "Wang, Yu A."]
[Result "0-1"]
[WhiteTitle "WGM"]
[BlackTitle "IM"]
[WhiteElo "2330"]
[BlackElo "2399"]
[WhiteFideId "8602972"]
[BlackFideId "8601097"]
[EventDate "2011.07.03"]

1. e4 e5 2. Nf3 Nc6 3. Bb5 a6 4. Ba4 Nf6 5. O-O Nxe4 6. d4 b5 7. Bb3 d5 8. dxe5
Be6 9. c3 Bc5 10. Nbd2 O-O 11. Qe2 Bf5 12. a4 b4 13. Nxe4 dxe4 14. Ng5 Nxe5 15.
Nxe4 Qd3 16. Qxd3 Nxd3 17. Nxc5 Nxc5 18. Bc4 bxc3 19. bxc3 Be6 20. Bxe6 Nxe6 21.
Be3 Rfd8 22. Rab1 f5 23. g3 Kf7 24. Rfc1 g5 25. Rb4 Rab8 26. f4 gxf4 27. gxf4 c5
28. Rxb8 Rxb8 29. Rd1 Rb3 30. Rd7+ Kf6 31. Bd2 Ra3 32. Rxh7 Rxa4 33. Rh6+ Kf7
34. Rh7+ Kg6 35. Ra7 Nxf4 36. Bxf4 Rxf4 37. Rxa6+ Kg5 38. Kg2 Rc4 39. Ra3 Kg4
40. h3+ Kh4 41. Rb3 Kh5 42. Kf3 Kg5 43. Ra3 Kf6 44. Rb3 Ke5 45. Ra3 Rf4+ 46. Kg3
Rf1 47. Ra8 f4+ 48. Kg2 Rc1 49. Re8+ Kf5 50. Rf8+ Ke4 51. Re8+ Kd5 52. Rd8+ Kc4
53. Rf8 Rc2+ 54. Kf1 Kxc3 55. Rxf4 c4 56. h4 Kb3 57. Rf8 Rh2 58. Rh8 c3 59. Kg1
Rd2 60. Rb8+ Kc4 61. Rc8+ Kd3 62. Rd8+ Ke2 63. Re8+ Kd1 64. Kf1 Rh2 65. Rd8+ Kc1
66. Ke1 Rxh4 67. Rb8 Re4+ 68. Kf2 c2 69. Kf3 Re7 0-1

[Event "1st ch-CHN Rapid w Prelim"]
[Site "Hefei CHN"]
[Date "2011.07.04"]
[Round "6.6"]
[White "Zhang, Xiaowen"]
[Black "Shen, Yang"]
[Result "0-1"]
[WhiteTitle "WGM"]
[BlackTitle "WGM"]
[WhiteElo "2389"]
[BlackElo "2459"]
[WhiteFideId "8603219"]
[BlackFideId "8603162"]
[EventDate "2011.07.03"]

1. e4 c6 2. d4 d5 3. e5 Bf5 4. Nf3 e6 5. c3 Ne7 6. Nbd2 Nd7 7. Be2 c5 8. O-O Nc6
9. Re1 cxd4 10. Nxd4 Bg6 11. f4 Qb6 12. Nf3 Nc5 13. Be3 Qxb2 14. f5 exf5 15. Nb5
O-O-O 16. Nfd4 f4 17. Bxf4 Ne6 18. Be3 Bc5 19. Qa4 Nexd4 20. Nxd4 Nxd4 21. cxd4
Bc2 22. Qb5 Bxd4 23. Qxb2 Bxb2 24. Rac1 Bxc1 25. Rxc1 d4 26. Bg5 d3 27. Bxd8
Rxd8 28. Bxd3 Rxd3 29. Rxc2+ Kd7 30. Kf2 Ke6 31. Ke2 Ra3 32. Kf1 b6 33. Re2 Ra5
34. Kf2 Rxe5 35. Rd2 Ra5 36. Ke3 h5 37. g3 Ra3+ 38. Kf4 f6 39. Re2+ Kf7 40. Rc2
Ra4+ 41. Ke3 Ke6 42. Kf3 g5 43. Ke3 Ke5 44. Kd3 Kf5 45. Kc3 Kg4 46. Kb3 Ra5 47.
Rc6 Kh3 48. Rc2 f5 49. Rf2 h4 50. gxh4 Kxh4 51. Kc3 f4 52. Kd3 Ra4 0-1

[Event "1st ch-CHN Rapid w Prelim"]
[Site "Hefei CHN"]
[Date "2011.07.05"]
[Round "7.2"]
[White "Lei, Tingjie"]
[Black "Zhao, Xue"]
[Result "0-1"]
[BlackTitle "GM"]
[WhiteElo "2061"]
[BlackElo "2470"]
[WhiteFideId "8605114"]
[BlackFideId "8601283"]
[EventDate "2011.07.03"]

1. d4 Nf6 2. Nf3 e6 3. g3 b5 4. Bg2 Bb7 5. O-O c5 6. a4 b4 7. Nbd2 Na6 8. dxc5
Nxc5 9. Nc4 d5 10. Nce5 Bd6 11. Be3 O-O 12. Bd4 Qc7 13. c4 Rac8 14. Rc1 Qe7 15.
b3 Nfe4 16. Nd3 dxc4 17. Rxc4 Nxd3 18. Qxd3 Rxc4 19. Qxc4 Rc8 20. Qd3 Nc3 21.
Nd2 Bxg2 22. Kxg2 Bb8 23. Nc4 Rd8 24. Qe3 Nd5 25. Qe4 f5 26. Qf3 e5 27. Bb2 Qe6
28. e4 fxe4 29. Qxe4 Nf6 30. Qe2 Qd5+ 31. Kg1 Ne4 32. Qc2 Ng5 33. Ne3 Nh3# 0-1

[Event "1st ch-CHN Rapid w Prelim"]
[Site "Hefei CHN"]
[Date "2011.07.05"]
[Round "7.6"]
[White "Wang, Doudou"]
[Black "Yu, Moqi"]
[Result "1-0"]
[WhiteElo "2193"]
[BlackElo "2106"]
[WhiteFideId "8603197"]
[BlackFideId "8604533"]
[EventDate "2011.07.03"]

1. d4 d5 2. c4 c6 3. Nc3 Nf6 4. Nf3 e6 5. Bg5 dxc4 6. e4 h6 7. Bxf6 Qxf6 8. Bxc4
Nd7 9. O-O b5 10. Bd3 Bb7 11. Qe2 a6 12. e5 Qd8 13. Rfe1 Qb6 14. Rad1 g5 15. Bb1
Be7 16. Ne4 g4 17. Nfd2 Qxd4 18. Nd6+ Bxd6 19. Ne4 Qb6 20. Nxd6+ Ke7 21. Qxg4
Rag8 22. Qh4+ Kf8 23. Nxf7 c5 24. Rxd7 Rxg2+ 25. Kf1 Rg1+ 26. Kxg1 Rg8+ 27. Kf1
Bg2+ 28. Ke2 Bf3+ 29. Ke3 c4+ 30. Qd4 1-0

[Event "1st ch-CHN Rapid w Prelim"]
[Site "Hefei CHN"]
[Date "2011.07.05"]
[Round "7.7"]
[White "Li, Xueyi"]
[Black "Ding, Yixin"]
[Result "1-0"]
[BlackTitle "WGM"]
[WhiteElo "2082"]
[BlackElo "2330"]
[WhiteFideId "8605912"]
[BlackFideId "8602972"]
[EventDate "2011.07.03"]

1. d4 Nf6 2. c4 e6 3. Nc3 Bb4 4. a3 Bxc3+ 5. bxc3 O-O 6. f3 d5 7. e3 c5 8. Bd3
b6 9. Ne2 Bb7 10. O-O Nbd7 11. Ng3 e5 12. cxd5 Nxd5 13. c4 N5f6 14. d5 b5 15. e4
bxc4 16. Bxc4 Nb6 17. Qc2 Nxc4 18. Qxc4 Qa5 19. Qc2 Ba6 20. Rd1 Nd7 21. Bd2 Qc7
22. Bc3 c4 23. Nf5 g6 24. Ne7+ Kg7 25. Nc6 f6 26. f4 exf4 27. Bb4 Rfe8 28. Nd4
Kf7 29. Ne6 Qb6+ 30. Kh1 Ne5 31. Bc5 Qa5 32. Qf2 Bc8 33. Bb4 Qa4 34. Qh4 h5 35.
Nxf4 Bg4 36. Rf1 g5 37. Qf2 gxf4 38. Qxf4 Qa6 39. h3 Bd7 40. d6 Re6 41. Qh6 Rg8
42. Qxh5+ Ng6 43. Rad1 Rh8 44. Qf3 Ne5 45. Qg3 Nd3 46. e5 Nxe5 47. Bc3 Qb5 48.
Rde1 Rh5 49. a4 Qc5 50. Qf4 Qxd6 51. Rd1 Qe7 52. Bxe5 Rexe5 53. Rxd7 Qxd7 54.
Qxf6+ Kg8 55. Qf8+ Kh7 56. Rf7+ Qxf7 57. Qxf7+ Kh8 58. Qxc4 Kg7 59. Qc7+ Kf6 60.
Qxa7 Ra5 61. Qd4+ Kg6 62. Kh2 Rhd5 63. Qe4+ Kf6 64. h4 Re5 65. Qf4+ Rf5 66. Qd4+
Kg6 67. Kh3 Rf6 68. Qd3+ Kg7 69. Qd7+ Rf7 70. Qd4+ Rf6 71. g4 Kf7 72. Qc4+ Kg6
73. h5+ Kg5 74. Qc1+ Rf4 75. Kg3 Rxa4 76. Qe3 Re4 77. Qd2 Rd4 78. Qa5+ Kf6 79.
Qb6+ Ke5 80. Qc7+ Kf6 81. Qxf4+ 1-0

[Event "1st ch-CHN Rapid w Prelim"]
[Site "Hefei CHN"]
[Date "2011.07.05"]
[Round "8.3"]
[White "Guo, Qi"]
[Black "Lei, Tingjie"]
[Result "1-0"]
[WhiteTitle "WGM"]
[WhiteElo "2368"]
[BlackElo "2061"]
[WhiteFideId "8604002"]
[BlackFideId "8605114"]
[EventDate "2011.07.03"]

1. d4 d5 2. c4 c6 3. Nf3 Nf6 4. Nc3 dxc4 5. a4 Bg4 6. Ne5 Bh5 7. f3 Nfd7 8. Nxc4
e5 9. e4 Bb4 10. dxe5 O-O 11. Be2 Qe7 12. f4 Rd8 13. Qc2 Bxe2 14. Qxe2 b5 15.
Ne3 Nc5 16. Nf5 Qe6 17. O-O Bxc3 18. bxc3 Nxa4 19. Bd2 Kh8 20. Be1 Nd7 21. Bh4
Rg8 22. Rf3 Nac5 23. Nd6 f6 24. Rd1 Rgf8 25. Rh3 fxe5 26. f5 Qb3 27. Be7 Qg8 28.
Qe3 Rfb8 29. Rf1 b4 30. f6 gxf6 31. Rg3 Qc4 32. Nxc4 1-0

[Event "1st ch-CHN Rapid w Prelim"]
[Site "Hefei CHN"]
[Date "2011.07.05"]
[Round "8.5"]
[White "Wang, Yu A."]
[Black "Wang, Doudou"]
[Result "1/2-1/2"]
[WhiteTitle "IM"]
[WhiteElo "2399"]
[BlackElo "2193"]
[WhiteFideId "8601097"]
[BlackFideId "8603197"]
[EventDate "2011.07.03"]

1. e4 e5 2. Nc3 Nf6 3. Bc4 c6 4. Nf3 d6 5. d3 Be7 6. a4 O-O 7. h3 a5 8. O-O Be6
9. Re1 Na6 10. Qe2 Re8 11. Bxe6 fxe6 12. b3 Qd7 13. Bb2 Bd8 14. Nd1 Bc7 15. Ne3
Nc5 16. Rad1 Rad8 17. Ng4 Qf7 18. Nxf6+ gxf6 19. d4 Nd7 20. Rd3 Nf8 21. dxe5
dxe5 22. Red1 Ng6 23. g3 Qe7 24. h4 Rxd3 25. Rxd3 Rd8 26. Nh2 Rxd3 27. Qxd3 Nf8
28. Ng4 Qg7 29. Ne3 Bb6 30. Nc4 Bc7 31. Ba3 Qd7 32. Qxd7 Nxd7 33. Kf1 b5 34.
axb5 cxb5 35. Nd2 Kf7 36. Ke2 b4 37. Bb2 Nc5 38. f3 Ke7 39. Nc4 Kd7 40. Bc1 Kc6
41. Be3 a4 42. bxa4 Nxa4 43. g4 Bd8 44. g5 Kb5 45. Nd6+ Kc6 46. Nf7 Be7 47. gxf6
Bxf6 48. h5 Nc5 49. Bxc5 Kxc5 50. Kd3 Kb5 51. Nh6 Kc5 52. Ng4 Bg7 53. Ne3 Bh6
54. Nc4 Bf4 55. Na5 Kb6 56. Nc4+ Kc5 57. Nb2 Kb5 58. Nd1 Kc5 59. Nf2 Kb5 60. Ng4
Kc5 61. Nf6 h6 62. Nd7+ Kd6 63. Nf8 Bc1 64. Ng6 Bg5 65. Kc4 Bd2 66. Kb5 Be1 67.
Kc4 Bd2 68. Kd3 Bg5 69. Ke2 Bc1 70. Kd3 Bg5 71. Kc4 Bd2 72. Kb3 Bc3 73. Kc4 Bd2
74. Kb5 Be1 75. Kb6 Bc3 1/2-1/2

[Event "1st ch-CHN Rapid w Prelim"]
[Site "Hefei CHN"]
[Date "2011.07.05"]
[Round "8.6"]
[White "Zhai, Mo"]
[Black "Zhang, Xiaowen"]
[Result "1-0"]
[WhiteTitle "WFM"]
[BlackTitle "WGM"]
[WhiteElo "2198"]
[BlackElo "2389"]
[WhiteFideId "8600201"]
[BlackFideId "8603219"]
[EventDate "2011.07.03"]

1. e4 e6 2. d4 d5 3. Nc3 Nf6 4. e5 Nfd7 5. f4 c5 6. Nf3 Nc6 7. Be3 a6 8. Qd2 b5
9. a3 Qb6 10. Ne2 b4 11. axb4 Qxb4 12. c3 Qb7 13. g4 Be7 14. Bh3 Rb8 15. Ra2 Nb6
16. b3 Nd7 17. Rb2 Na5 18. Ra2 Nxb3 19. Qd1 cxd4 20. cxd4 Bb4+ 21. Kf2 Na5 22.
Kg2 Nc4 23. Bf2 Be7 24. f5 Qb3 25. Rc2 O-O 26. Rf1 Na3 27. Rc6 Qxd1 28. Rxd1 Nb6
29. fxe6 Bxe6 30. Nf4 Bd7 31. Rxb6 Rxb6 32. Nxd5 Bd8 33. Nxb6 Bxb6 34. Ra1 Nc4
35. Rxa6 f6 36. exf6 Rxf6 37. Bh4 Rg6 38. Ne5 Nxe5 39. dxe5 Bc6+ 40. Kg3 Bc7 41.
Kf2 Bxe5 42. g5 Bd4+ 43. Kg3 Rd6 44. Kf4 Bb2 45. Bf2 h6 46. gxh6 Rxh6 47. Bf5
Rf6 48. Bh4 Bc1+ 49. Ke5 Bb2+ 50. Kf4 Rd6 51. Bf2 g6 52. Bb1 Kg7 53. Ra7+ Kh6
54. Be3 g5+ 55. Kg4 Bd7+ 56. Bf5 Bxf5+ 57. Kxf5 Rd5+ 58. Kg4 Bf6 59. h4 Re5 60.
hxg5+ Kg6 61. Bf4 Rxg5+ 62. Bxg5 Bxg5 63. Ra6+ Bf6 64. Kf4 Kf7 65. Kf5 Bd4 66.
Rd6 Bc5 67. Rd7+ Ke8 68. Ke6 Be3 69. Rd3 Bf4 70. Rf3 Bd2 71. Rf2 Be3 72. Re2 Bc1
73. Rc2 1-0

[Event "1st ch-CHN Rapid w Prelim"]
[Site "Hefei CHN"]
[Date "2011.07.05"]
[Round "8.7"]
[White "Yu, Moqi"]
[Black "Gu, Xiaobing"]
[Result "0-1"]
[BlackTitle "WGM"]
[WhiteElo "2106"]
[BlackElo "2341"]
[WhiteFideId "8604533"]
[BlackFideId "8602611"]
[EventDate "2011.07.03"]

1. e4 c5 2. Nf3 d6 3. d4 cxd4 4. Nxd4 Nf6 5. Nc3 a6 6. Be3 e5 7. Nb3 Be6 8. Be2
Be7 9. Nd5 O-O 10. Qd3 Nbd7 11. O-O-O Bxd5 12. exd5 Nb6 13. Bf3 Rc8 14. g4 Nc4
15. Kb1 e4 16. Bxe4 Ne5 17. Bxh7+ Nxh7 18. Qe2 Nc4 19. Bd4 Nf6 20. g5 Nd7 21. h4
a5 22. f4 a4 23. Nc1 Re8 24. Qg2 Qa5 25. h5 Bf8 26. h6 Qb5 27. Ka1 Ne3 28. Bxe3
Rxe3 29. f5 a3 30. b3 Qb4 31. c4 Qc3+ 32. Kb1 Rce8 33. Rd2 Rg3 34. Qh2 Rh3 35.
Qxh3 Qxd2 36. Rh2 Qxg5 37. Rg2 Qe3 38. Qh2 Qe4+ 39. Ka1 Qxf5 40. Qg1 g6 41. Rh2
Bxh6 0-1

[Event "1st ch-CHN Rapid w Prelim"]
[Site "Hefei CHN"]
[Date "2011.07.05"]
[Round "9.4"]
[White "Gu, Xiaobing"]
[Black "Zhao, Xue"]
[Result "1-0"]
[WhiteTitle "WGM"]
[BlackTitle "GM"]
[WhiteElo "2341"]
[BlackElo "2470"]
[WhiteFideId "8602611"]
[BlackFideId "8601283"]
[EventDate "2011.07.03"]

1. e4 e5 2. f4 d5 3. exd5 exf4 4. Nf3 Nf6 5. c4 Bd6 6. d4 O-O 7. Be2 Re8 8. O-O
Ng4 9. c5 Bf8 10. Nc3 Ne3 11. Bxe3 Rxe3 12. Ne5 Bxc5 13. Nc4 Bd6 14. Nxe3 fxe3
15. Ne4 Bxh2+ 16. Kxh2 Qh4+ 17. Kg1 Qxe4 18. Rc1 c6 19. Bd3 Qe8 20. Qf3 Bd7 21.
Bc4 e2 22. Rfe1 cxd5 23. Rxe2 Qf8 24. Qxd5 Bc6 25. Qc5 Qxc5 26. dxc5 Kf8 27. b4
a6 28. Rce1 Bd7 29. Re7 Be6 30. Rc7 Nc6 31. Bxe6 fxe6 32. Rxb7 Kg8 33. Rxe6 1-0